World Marathon Majors - Statistics

General Stats
  • This quiz has been taken 428 times
  • The average score is 5 of 6
Answer Stats
Month City % Correct
April London
97%
November New York City
96%
April Boston
93%
September Berlin
85%
February Tokyo
79%
October Chicago
62%
No matching quizzes found
Score Distribution
Percent of People with Each Score
Percentile by Number Answered
Your Score History
You have not taken this quiz